000 00625nam a2200205 4500
003 OSt
005 20260421014818.0
006 a
008 240716b |||||||| |||| 00| 0 eng d
020 _a9781418055738
040 _aDWCL-Main lib.
_cOC
082 _2Seventh edition
_aCirc. 604.25 J54i 2007
100 _aJensen, Cecil H.
245 _aInterpreting engineering drawings /
260 _aN. Y. :
_bThomson Delmar learning,
_cc2007.
300 _axvi,
_b511 p. : ill. ;
_c28 cm.
504 _aIncludes bibliographical references & index.
650 _a1. Engineering drawings.
942 _2ddc
_n0
_cBK-CIRC
_kCirc.
999 _c2256
_d2256